Principles and applications of electrical engineering / (Record no. 505)

MARC details
000 -LEADER
fixed length control field 00565nam a22002057a 4500
005 - DATE AND TIME OF LATEST TRANSACTION
control field 20250420134813.0
008 - FIXED-LENGTH DATA ELEMENTS--GENERAL INFORMATION
fixed length control field 200727b ||||| |||| 00| 0 eng d
020 ## - INTERNATIONAL STANDARD BOOK NUMBER
International Standard Book Number 9789814577410
040 ## - CATALOGING SOURCE
Transcribing agency KCST
082 ## - DEWEY DECIMAL CLASSIFICATION NUMBER
Classification number 621.3
Item number Ri Pr
100 ## - MAIN ENTRY--PERSONAL NAME
Personal name Rizzoni, Giorgio
9 (RLIN) 594
245 ## - TITLE STATEMENT
Title Principles and applications of electrical engineering /
250 ## - EDITION STATEMENT
Edition statement 6th edition
Remainder of edition statement Int. student edition.
260 ## - PUBLICATION, DISTRIBUTION, ETC.
Place of publication, distribution, etc. New York:
Name of publisher, distributor, etc. McGraw-Hill;
Date of publication, distribution, etc. 2016.
300 ## - PHYSICAL DESCRIPTION
Extent 1134 p.
650 ## - SUBJECT ADDED ENTRY--TOPICAL TERM
Topical term or geographic name entry element Electrical engineering.
9 (RLIN) 595
700 ## - ADDED ENTRY--PERSONAL NAME
Personal name Kearns, James
9 (RLIN) 4742
942 ## - ADDED ENTRY ELEMENTS (KOHA)
Koha item type Book
942 ## - ADDED ENTRY ELEMENTS (KOHA)
Source of classification or shelving scheme Dewey Decimal Classification
Holdings
Withdrawn status Lost status Source of classification or shelving scheme Damaged status Not for loan Home library Current library Date acquired Source of acquisition Cost, normal purchase price Total checkouts Full call number Barcode Date last seen Price effective from Koha item type
    Dewey Decimal Classification     KCST Library KCST Library 27/07/2020 Unknown 0.00   621.3 Ri Pr 1000000645 27/07/2020 27/07/2020 Book
    Dewey Decimal Classification     KCST Library KCST Library 29/07/2020   25.84   621.3 Ri Pr 1000000424 29/07/2020 29/07/2020 Book
© 2025 KCST. All rights reserved